[Event "ENCI Limburg-open C"]
[Site "Maastricht"]
[Date "2010.05.23"]
[Round "4"]
[White "Van der Wouw, Paul"]
[Black "Beukema, Jasper"]
[Result "1-0"]
[WhiteElo "1606"]
[BlackElo "1098"]
[PlyCount "47"]
[EventDate "2010.05.21"]
[EventType "swiss"]
[EventRounds "7"]
[EventCountry "NED"]
[Source "P.Boonen"]
[SourceDate "2010.10.01"]

1. e4 d5 2. exd5 Nf6 3. d4 Nxd5 4. Nf3 Bg4 5. Be2 e6 6. c4 Nf6 7. O-O Be7 8.
Nc3 O-O 9. Be3 Nbd7 10. Ne5 Nxe5 11. dxe5 Bxe2 12. Qxe2 Nd7 13. Rad1 Bb4 14.
Ne4 Qe7 15. a3 Bc5 16. Rxd7 Qxd7 17. Bxc5 Rfd8 18. f4 Qc6 19. Rf3 Rd7 20. Nf6+
gxf6 21. Rg3+ Kh8 22. Be7 Rxe7 23. Qg4 Qc5+ 24. Kh1 1-0

[Event "ENCI Limburg-open C"]
[Site "Maastricht"]
[Date "2010.05.23"]
[Round "4"]
[White "Veelenturf, Wim"]
[Black "Senders, Justin"]
[Result "1/2-1/2"]
[WhiteElo "1719"]
[BlackElo "1630"]
[PlyCount "158"]
[EventDate "2010.05.21"]
[EventType "swiss"]
[EventRounds "7"]
[EventCountry "NED"]
[Source "P.Boonen"]
[SourceDate "2010.10.01"]

1. Nf3 Nf6 2. d4 g6 3. c4 Bg7 4. Nc3 d6 5. e4 O-O 6. Be2 e5 7. d5 a5 8. Qc2 Na6
9. a3 Nc5 10. Be3 b6 11. O-O a4 12. Bxc5 bxc5 13. Bd3 Qe8 14. Nb5 Qe7 15. b4
axb3 16. Qxb3 Nh5 17. g3 f5 18. Ne1 f4 19. Be2 Nf6 20. f3 fxg3 21. hxg3 Nh5 22.
Kf2 Bh6 23. Rg1 Nf6 24. Kg2 Qf7 25. Rf1 Qd7 26. Rh1 Bg7 27. Nd3 Rb8 28. a4 c6
29. dxc6 Qxc6 30. Nf2 h5 31. Qe3 Bb7 32. Rad1 Rfd8 33. Rd3 Ba6 34. Rhd1 Bxb5
35. axb5 Qb6 36. Ra3 Ra8 37. Rda1 Qb7 38. Qd3 Rxa3 39. Rxa3 Bf8 40. Nd1 h4 41.
g4 Qh7 42. Nf2 Ne8 43. Nh3 Rd7 44. Qd5+ Kh8 45. Ra8 Qe7 46. b6 Nf6 47. Qc6 Kg7
48. Rc8 Ne8 49. b7 Rxb7 50. Rxe8 Qf7 51. Ng5 Qd7 52. Qxd7+ Rxd7 53. Ra8 Be7 54.
Nh3 Rb7 55. Ra2 Kf6 56. Bd1 Ke6 57. Nf2 Bg5 58. Ba4 Bf4 59. Bb5 Rh7 60. Kh3 Bg3
61. Nh1 Bf4 62. Ra3 Rf7 63. Nf2 Bg3 64. Nd1 Be1 65. Nb2 Bb4 66. Rb3 g5 67. Na4
Rb7 68. Nc3 Ra7 69. Nd5 Ra3 70. Rxa3 Bxa3 71. Ne3 Bc1 72. Nf5 Bf4 73. Bc6 Bd2
74. Bd5+ Kd7 75. Nxh4 gxh4 76. Kxh4 Ke7 77. Kh5 Kf6 78. Bc6 Bf4 79. Bd5 Be3
1/2-1/2

[Event "ENCI Limburg-open C"]
[Site "Maastricht"]
[Date "2010.05.23"]
[Round "4"]
[White "Vincent, Gwijde"]
[Black "Senders, Mischa"]
[Result "0-1"]
[WhiteElo "1701"]
[BlackElo "1613"]
[PlyCount "44"]
[EventDate "2010.05.21"]
[EventType "swiss"]
[EventRounds "7"]
[EventCountry "NED"]
[Source "P.Boonen"]
[SourceDate "2010.10.01"]

1. e4 e6 2. d4 d5 3. e5 c5 4. c3 Nc6 5. Nf3 Qb6 6. Bd3 Bd7 7. O-O cxd4 8. cxd4
Nxd4 9. Nc3 a6 10. Be3 Nxf3+ 11. Qxf3 d4 12. Bxd4 Qxd4 13. Qxb7 Qa7 14. Qf3 Ne7
15. Rfd1 Ng6 16. Be4 Nxe5 17. Qg3 Nc6 18. Qf3 Rc8 19. Rac1 Nd4 20. Qd3 Bc5 21.
Na4 Bxa4 22. b3 Bb5 0-1

[Event "ENCI Limburg-open C"]
[Site "Maastricht"]
[Date "2010.05.23"]
[Round "4"]
[White "Visse, Bernard"]
[Black "Been, Klaas"]
[Result "0-1"]
[WhiteElo "1641"]
[BlackElo "1735"]
[PlyCount "97"]
[EventDate "2010.05.21"]
[EventType "swiss"]
[EventRounds "7"]
[EventCountry "NED"]
[Source "P.Boonen"]
[SourceDate "2010.10.01"]

1. d4 d5 2. Bf4 Nf6 3. e3 e6 4. Nf3 Nbd7 5. Nbd2 Be7 6. Ne5 O-O 7. Bd3 Nxe5 8.
dxe5 Ne8 9. Qh5 g6 10. Qh6 Ng7 11. h4 Nh5 12. g4 Nxf4 13. exf4 Re8 14. h5 Bf8
15. Qg5 Qxg5 16. fxg5 Bg7 17. Nf3 Bd7 18. O-O-O c5 19. c3 Bc6 20. Rde1 Rac8 21.
Rh3 Red8 22. Bc2 b5 23. Nd2 b4 24. f4 bxc3 25. Rxc3 Bb5 26. Rg3 Bc6 27. f5 exf5
28. gxf5 Re8 29. fxg6 fxg6 30. hxg6 h6 31. gxh6 Bxh6 32. g7 Re7 33. Rh1 Rxg7
34. Rxg7+ Kxg7 35. Rg1+ Kf8 36. Rg6 Bg7 37. e6 Be5 38. Kd1 Bxb2 39. Bf5 Rc7 40.
Kc2 Be5 41. Nf3 Ba4+ 42. Kd2 Bf4+ 43. Ke2 Bb5+ 44. Kf2 d4 45. Ng5 Be3+ 46. Kg3
Bxg5 47. Rxg5 Rg7 48. Rxg7 Kxg7 49. Kf4 0-1

[Event "ENCI Limburg-open C"]
[Site "Maastricht"]
[Date "2010.05.23"]
[Round "5"]
[White "Arns, Danny"]
[Black "Van den Bosch, Arno"]
[Result "1-0"]
[WhiteElo "1615"]
[BlackElo "1336"]
[PlyCount "111"]
[EventDate "2010.05.21"]
[EventType "swiss"]
[EventRounds "7"]
[EventCountry "NED"]
[Source "P.Boonen"]
[SourceDate "2010.10.01"]

1. e4 d5 2. exd5 Nf6 3. Nf3 Nxd5 4. d4 Nc6 5. c4 Nb6 6. d5 Nb8 7. Nc3 c6 8.
dxc6 Qxd1+ 9. Kxd1 Nxc6 10. Nb5 Kd8 11. Bf4 a6 12. Bc7+ Kd7 13. Bxb6 axb5 14.
cxb5 Na7 15. Bc4 f6 16. Kc2 Ke8 17. Rhd1 Bd7 18. a4 e5 19. Bxa7 Rxa7 20. a5 Bc5
21. b6 Ra8 22. Bd5 Bc8 23. a6 Rxa6 24. Rxa6 Bf5+ 25. Kb3 bxa6 26. b7 Ke7 27.
Ra1 Bd3 28. Rc1 Bd6 29. Rc8 Rd8 30. Nd2 a5 31. Nc4 Bxc4+ 32. Kxc4 Kd7 33. Bc6+
Ke7 34. Kb5 Bb8 35. Kb6 f5 36. Rxb8 Rxb8 37. Kc7 Rxb7+ 38. Kxb7 Kf6 39. Kb6 g5
40. Ba8 e4 41. Kxa5 Ke5 42. b4 f4 43. b5 e3 44. fxe3 fxe3 45. Bf3 Kf4 46. b6 g4
47. Be2 g3 48. h3 h5 49. b7 Ke4 50. b8=Q h4 51. Qb4+ Ke5 52. Bf3 e2 53. Qe4+
Kf6 54. Bxe2 Kg5 55. Bd3 Kh5 56. Qg6# 1-0

[Event "ENCI Limburg-open C"]
[Site "Maastricht"]
[Date "2010.05.23"]
[Round "5"]
[White "Baekelant, Viktor"]
[Black "Van Velthoven, Paul"]
[Result "0-1"]
[WhiteElo "1047"]
[BlackElo "1416"]
[PlyCount "102"]
[EventDate "2010.05.21"]
[EventType "swiss"]
[EventRounds "7"]
[EventCountry "NED"]
[Source "P.Boonen"]
[SourceDate "2010.10.01"]

1. e4 e5 2. Nf3 Nc6 3. d4 exd4 4. Nxd4 Bc5 5. Nxc6 Qf6 6. Qf3 Qxf3 7. gxf3 bxc6
8. Nc3 Ne7 9. Bc4 O-O 10. Rg1 Re8 11. Bh6 Nf5 12. Be3 Nxe3 13. fxe3 Bxe3 14.
Rg2 Bh6 15. Rf2 d5 16. Bd3 f5 17. Kf1 fxe4 18. fxe4 Bh3+ 19. Ke2 Re7 20. Re1
Bg4+ 21. Kf1 Rae8 22. Kg2 dxe4 23. Bxe4 Bh5 24. Kg3 Bg6 25. Rfe2 Bxe4 26. Nxe4
Kf7 27. Kg4 g6 28. c4 a5 29. a3 Kf8 30. h4 Bg7 31. Kg5 Re5+ 32. Kg4 h5+ 33. Kg3
Bh6 34. Rf1+ Kg7 35. Rfe1 Bd2 36. Rxd2 Rxe4 37. Rxe4 Rxe4 38. Rc2 Kf6 39. Kf3
Rxh4 40. Kg3 Rd4 41. Kf3 g5 42. Ke3 Rf4 43. b4 axb4 44. axb4 h4 45. b5 h3 46.
bxc6 Rh4 47. Rh2 g4 48. Kf4 Kg6 49. Kg3 Kg5 50. Kf2 Kf4 51. c5 g3+ 0-1

[Event "ENCI Limburg-open C"]
[Site "Maastricht"]
[Date "2010.05.23"]
[Round "5"]
[White "Beaumont, Thierry"]
[Black "Brone, Steven"]
[Result "1-0"]
[WhiteElo "1147"]
[BlackElo "1463"]
[PlyCount "69"]
[EventDate "2010.05.21"]
[EventType "swiss"]
[EventRounds "7"]
[EventCountry "NED"]
[Source "P.Boonen"]
[SourceDate "2010.10.01"]

1. e4 e5 2. Nf3 Nf6 3. Nxe5 d6 4. Nf3 Nxe4 5. Qe2 Qe7 6. d3 Nf6 7. Bg5 Qxe2+ 8.
Bxe2 Be7 9. Nc3 Nc6 10. O-O-O Be6 11. d4 Bg4 12. h3 Bxf3 13. Bxf3 O-O-O 14.
Rhe1 Rhe8 15. a3 h6 16. Bxf6 Bxf6 17. Bxc6 bxc6 18. Rxe8 Rxe8 19. d5 Bxc3 20.
bxc3 Re2 21. dxc6 Rxf2 22. Rd2 Rxd2 23. Kxd2 Kd8 24. Kd3 Ke7 25. Kd4 Ke6 26.
Kc4 a6 27. a4 f5 28. Kb4 Kd5 29. Ka5 Kxc6 30. Kxa6 g5 31. Ka7 g4 32. hxg4 fxg4
33. a5 g3 34. a6 Kb5 35. Kb7 1-0

[Event "ENCI Limburg-open C"]
[Site "Maastricht"]
[Date "2010.05.23"]
[Round "5"]
[White "Been, Klaas"]
[Black "Overtoom, Reinier"]
[Result "0-1"]
[WhiteElo "1735"]
[BlackElo "1674"]
[PlyCount "100"]
[EventDate "2010.05.21"]
[EventType "swiss"]
[EventRounds "7"]
[EventCountry "NED"]
[Source "P.Boonen"]
[SourceDate "2010.10.01"]

1. d4 Nf6 2. Nf3 g6 3. e3 Bg7 4. Bd3 O-O 5. Nbd2 d6 6. O-O Nc6 7. c3 e5 8. Re1
Re8 9. dxe5 dxe5 10. Ne4 Qe7 11. Nxf6+ Bxf6 12. Be4 Nd8 13. Qc2 c6 14. b3 Ne6
15. Bb2 Qc7 16. b4 Ng7 17. c4 a5 18. a3 Be6 19. Rac1 axb4 20. axb4 Nf5 21. c5
Ne7 22. Nd2 Nd5 23. Bxd5 Bxd5 24. e4 Be6 25. f4 Ra2 26. Qc3 Bg7 27. Nf3 f5 28.
exf5 gxf5 29. fxe5 Bd5 30. Rcd1 Rea8 31. Re2 b5 32. cxb6 Qxb6+ 33. Kh1 Qa6 34.
Nd4 Re8 35. Rde1 Rxe5 36. Nxf5 Bxg2+ 37. Kg1 Qb6+ 38. Ne3 Rg5 39. Qc1 Be4+ 40.
Kf1 Bd3 41. Bxg7 Rxg7 42. Qc3 Rf7+ 43. Kg1 Rxe2 44. Rxe2 Bxe2 45. Qe5 Qxb4 46.
Kg2 Bb5 47. Nf5 Qg4+ 48. Ng3 Qf3+ 49. Kh3 Bf1+ 50. Kh4 Rf4+ 0-1

[Event "ENCI Limburg-open C"]
[Site "Maastricht"]
[Date "2010.05.23"]
[Round "5"]
[White "Beissel, Daniel"]
[Black "Houben, Tom"]
[Result "1-0"]
[WhiteElo "1542"]
[BlackElo "949"]
[PlyCount "133"]
[EventDate "2010.05.21"]
[EventType "swiss"]
[EventRounds "7"]
[EventCountry "NED"]
[Source "P.Boonen"]
[SourceDate "2010.10.01"]

1. d4 d5 2. c4 Nc6 3. Nf3 Nf6 4. e3 Bf5 5. Nc3 e6 6. Be2 Nb4 7. Qa4+ c6 8. Bd1
Nd3+ 9. Ke2 Nxc1+ 10. Rxc1 Be7 11. h3 O-O 12. Bc2 Bxc2 13. Rxc2 Qd6 14. c5 Qc7
15. b4 b5 16. Qa6 Qc8 17. Qxc8 Rfxc8 18. Nd2 a5 19. a3 axb4 20. axb4 Ra7 21.
Nb3 Bd8 22. Ra1 Rca8 23. Rxa7 Rxa7 24. Ra2 Rxa2+ 25. Nxa2 g5 26. Na5 Kg7 27.
Nxc6 Bc7 28. Na7 Nd7 29. Nxb5 Bb8 30. Nac3 f5 31. Na4 e5 32. c6 Nf8 33. c7 Bxc7
34. Nxc7 exd4 35. exd4 g4 36. b5 gxh3 37. gxh3 Nd7 38. b6 Nb8 39. Nxd5 Kg6 40.
Kf3 h5 41. h4 Nc6 42. Ke3 Nb8 43. Nc5 Nc6 44. Nd7 Na5 45. Kd3 Kf7 46. f4 Ke6
47. N5f6 Ke7 48. Kc3 Kd6 49. d5 Nb7 50. Kb4 Ke7 51. Kb5 Nd6+ 52. Kc6 Nc8 53.
Nxh5 Kd8 54. d6 Ke8 55. Kc7 Nxb6 56. Kxb6 Kd8 57. Ng7 Kxd7 58. Nxf5 Ke6 59. Kc7
Kxf5 60. d7 Kxf4 61. h5 Kg5 62. h6 Kxh6 63. d8=Q Kh5 64. Qg8 Kh4 65. Kd6 Kh5
66. Ke5 Kh4 67. Kf4 1-0

[Event "ENCI Limburg-open C"]
[Site "Maastricht"]
[Date "2010.05.23"]
[Round "5"]
[White "Beukema, Jasper"]
[Black "Dijkstra, Hidde"]
[Result "0-1"]
[WhiteElo "1098"]
[BlackElo "1368"]
[PlyCount "106"]
[EventDate "2010.05.21"]
[EventType "swiss"]
[EventRounds "7"]
[EventCountry "NED"]
[Source "P.Boonen"]
[SourceDate "2010.10.01"]

1. e4 d5 2. exd5 Nf6 3. Bb5+ Bd7 4. Bc4 Bg4 5. f3 Bc8 6. d3 Nxd5 7. Bd2 g6 8.
Nc3 Be6 9. Nge2 Bg7 10. Nxd5 Bxd5 11. Bxd5 Qxd5 12. Nc3 Qe6+ 13. Qe2 Qxe2+ 14.
Nxe2 O-O 15. O-O Nc6 16. Bc3 Rfe8 17. Bxg7 Kxg7 18. Nc3 e5 19. Rfe1 Nd4 20.
Rac1 c6 21. Ne2 f5 22. c3 Nb5 23. Ng3 Rad8 24. Rcd1 Kf6 25. Kf2 Rd7 26. Re2 c5
27. a4 Nc7 28. c4 a6 29. Re3 Ne6 30. Rde1 Nd4 31. Rc1 Kf7 32. Ne2 f4 33. Re4
Nf5 34. Nc3 Rxd3 35. Ke2 Re3+ 36. Rxe3 Nxe3 37. g3 Rd8 38. Ne4 b6 39. Ng5+ Ke7
40. g4 h6 41. Ne4 Rd4 42. b3 g5 43. h3 Kf7 44. Rc3 Kg6 45. Rd3 Nc2 46. Nd6 Kf6
47. Nc8 e4 48. fxe4 Rxe4+ 49. Kd2 Nd4 50. Nxb6 f3 51. Nd5+ Kg7 52. Rxd4 cxd4
53. Kd3 f2 0-1

[Event "ENCI Limburg-open C"]
[Site "Maastricht"]
[Date "2010.05.23"]
[Round "5"]
[White "Bex, Lennert"]
[Black "Coenjaerts, Rene"]
[Result "1-0"]
[WhiteElo "1235"]
[BlackElo "1717"]
[PlyCount "51"]
[EventDate "2010.05.21"]
[EventType "swiss"]
[EventRounds "7"]
[EventCountry "NED"]
[Source "P.Boonen"]
[SourceDate "2010.10.01"]

1. d4 d5 2. Nf3 Nf6 3. Bf4 e6 4. e3 c5 5. c3 Nc6 6. Bd3 cxd4 7. cxd4 Nb4 8. O-O
Nxd3 9. Qxd3 Be7 10. Nbd2 Bd7 11. Rac1 Bc6 12. Ne5 Qb6 13. Nxc6 bxc6 14. Nb3
O-O 15. Rc2 Rac8 16. Rfc1 Nh5 17. Be5 Rfd8 18. Qe2 Nf6 19. Nc5 Nd7 20. Nxd7
Rxd7 21. Qg4 g6 22. Qe2 Bd6 23. Bxd6 Rxd6 24. Rc5 Rd7 25. R1c3 Rd6 26. Rb3 1-0

[Event "ENCI Limburg-open C"]
[Site "Maastricht"]
[Date "2010.05.23"]
[Round "5"]
[White "Bok, Gidius"]
[Black "Keetman, Stef"]
[Result "1/2-1/2"]
[WhiteElo "1682"]
[BlackElo "1431"]
[PlyCount "82"]
[EventDate "2010.05.21"]
[EventType "swiss"]
[EventRounds "7"]
[EventCountry "NED"]
[Source "P.Boonen"]
[SourceDate "2010.10.01"]

1. e4 c5 2. Nf3 Nc6 3. d4 cxd4 4. Nxd4 g6 5. Nc3 Bg7 6. Be3 Nf6 7. Be2 O-O 8.
Qd2 d5 9. Nxc6 bxc6 10. O-O-O Be6 11. exd5 Nxd5 12. Nxd5 Qxd5 13. Qxd5 Bxd5 14.
Bf3 Bxf3 15. gxf3 Rfd8 16. a3 a6 17. c3 e6 18. h4 h5 19. Bg5 Rd5 20. Rxd5 cxd5
21. Kc2 Rc8 22. Bd2 d4 23. Rb1 dxc3 24. Bxc3 Bxc3 25. bxc3 Rc4 26. Rb4 Rxb4 27.
axb4 g5 28. Kd2 f6 29. c4 Kf7 30. hxg5 fxg5 31. f4 h4 32. Ke2 h3 33. Kf1 gxf4
34. Kg1 e5 35. Kh2 e4 36. Kxh3 Ke6 37. Kg4 Ke5 38. c5 e3 39. fxe3 fxe3 40. Kf3
Kd5 41. Kxe3 a5 1/2-1/2

[Event "ENCI Limburg-open C"]
[Site "Maastricht"]
[Date "2010.05.23"]
[Round "5"]
[White "Daemen, Jules"]
[Black "Sterck, Arno"]
[Result "1-0"]
[WhiteElo "1634"]
[BlackElo "1367"]
[PlyCount "37"]
[EventDate "2010.05.21"]
[EventType "swiss"]
[EventRounds "7"]
[EventCountry "NED"]
[Source "P.Boonen"]
[SourceDate "2010.10.01"]

1. d4 d5 2. c4 e5 3. dxe5 d4 4. Nf3 Nc6 5. g3 Nge7 6. Bg2 Ng6 7. Bg5 Be7 8.
Bxe7 Ngxe7 9. O-O O-O 10. Nbd2 Ng6 11. Nb3 Ngxe5 12. Nxe5 Nxe5 13. Qxd4 Qxd4
14. Nxd4 Nxc4 15. Rfc1 Nxb2 16. Rxc7 Rb8 17. Rb1 Rd8 18. e3 Na4 19. Nc6 1-0

[Event "ENCI Limburg-open C"]
[Site "Maastricht"]
[Date "2010.05.23"]
[Round "5"]
[White "Demarre, Thomas"]
[Black "Van Eijk, Liedewij"]
[Result "0-1"]
[WhiteElo "1332"]
[BlackElo "1281"]
[PlyCount "24"]
[EventDate "2010.05.21"]
[EventType "swiss"]
[EventRounds "7"]
[EventCountry "NED"]
[Source "P.Boonen"]
[SourceDate "2010.10.01"]

1. e4 d6 2. d4 Nd7 3. c4 Ngf6 4. Nc3 e5 5. d5 Be7 6. Bd3 c6 7. f4 Qc7 8. Nf3 h6
9. Be3 Ng4 10. Bd2 Nc5 11. Be2 Qb6 12. Rb1 Nd3+ 0-1

[Event "ENCI Limburg-open C"]
[Site "Maastricht"]
[Date "2010.05.23"]
[Round "5"]
[White "Dubbeldam, Mathijs"]
[Black "Schoffelen, Jan"]
[Result "1-0"]
[WhiteElo "1002"]
[BlackElo "1367"]
[PlyCount "53"]
[EventDate "2010.05.21"]
[EventType "swiss"]
[EventRounds "7"]
[EventCountry "NED"]
[Source "P.Boonen"]
[SourceDate "2010.10.01"]

1. e4 e5 2. Nf3 Nc6 3. d4 exd4 4. Nxd4 Qf6 5. Nxc6 Qxc6 6. Nc3 a6 7. Bf4 d6 8.
Qd5 Bd7 9. Bc4 Be6 10. Qxc6+ bxc6 11. Be2 Nf6 12. O-O Be7 13. Bf3 Bd7 14. e5
dxe5 15. Bxe5 Rc8 16. Rad1 Rb8 17. Ne4 Nxe4 18. Bxe4 f6 19. Bc3 Bd6 20. Rfe1
O-O 21. h3 f5 22. Bf3 g6 23. Be2 h6 24. Bxa6 Ra8 25. Bc4+ Kh7 26. Rxd6 cxd6 27.
Re7+ 1-0

[Event "ENCI Limburg-open C"]
[Site "Maastricht"]
[Date "2010.05.23"]
[Round "5"]
[White "Elisen, Peter"]
[Black "Chotoe, Henry"]
[Result "1-0"]
[WhiteElo "1589"]
[BlackElo "1298"]
[PlyCount "101"]
[EventDate "2010.05.21"]
[EventType "swiss"]
[EventRounds "7"]
[EventCountry "NED"]
[Source "P.Boonen"]
[SourceDate "2010.10.01"]

1. e4 d6 2. Nc3 Nf6 3. d4 c6 4. f4 Bg4 5. Nf3 b5 6. h3 Bxf3 7. Qxf3 e6 8. Bd3
Be7 9. Nxb5 cxb5 10. Bxb5+ Nfd7 11. c4 a6 12. e5 axb5 13. Qxa8 bxc4 14. O-O d5
15. Qa4 O-O 16. Qc2 Nc6 17. Be3 Nb4 18. Qe2 Qb6 19. f5 f6 20. Qg4 exf5 21. Rxf5
Nc2 22. Bh6 Rf7 23. Rd1 Nxe5 24. Qg3 Ng6 25. Be3 Bd6 26. Qf2 Nxe3 27. Qxe3 Re7
28. Qf2 Qb7 29. a4 Bb4 30. h4 Re4 31. h5 Ne7 32. Rf3 Qc7 33. h6 Ng6 34. hxg7
Qxg7 35. Rxf6 Rh4 36. Qf5 Nf4 37. Qc8+ Bf8 38. Rxf4 Rxf4 39. Qe6+ Qf7 40. Qe5
Bg7 41. Qg5 Rf5 42. Qd8+ Bf8 43. a5 Qe6 44. Qh4 Qe3+ 45. Kh1 Qe2 46. Qg3+ Kh8
47. Re1 Rh5+ 48. Kg1 Qxb2 49. Qg4 Rh6 50. Qf4 Qb7 51. Qxf8# 1-0

[Event "ENCI Limburg-open C"]
[Site "Maastricht"]
[Date "2010.05.23"]
[Round "5"]
[White "Fortenbacher, Florian"]
[Black "Snoeks, Marnicq"]
[Result "0-1"]
[WhiteElo "1431"]
[BlackElo "1286"]
[PlyCount "111"]
[EventDate "2010.05.21"]
[EventType "swiss"]
[EventRounds "7"]
[EventCountry "NED"]
[Source "P.Boonen"]
[SourceDate "2010.10.01"]

1. e4 e5 2. Nf3 d6 3. Bc4 Be7 4. h3 Nf6 5. Nc3 O-O 6. d4 exd4 7. Nxd4 c5 8. Nf3
Nc6 9. Bf4 Be6 10. Bb3 Bxb3 11. axb3 Ne8 12. Nd5 Bf6 13. Nxf6+ Qxf6 14. Qc1 Qg6
15. O-O Qxe4 16. Re1 Qg6 17. Qd2 Nb4 18. Rac1 d5 19. Bg5 Nc7 20. Nh4 Qa6 21.
Be7 Rfe8 22. Bxc5 Rxe1+ 23. Rxe1 Nc6 24. Nf5 Qb5 25. Qg5 g6 26. Nh6+ Kg7 27.
Qf4 Qxc5 28. Qxf7+ Kxh6 29. Qxc7 Rf8 30. Rf1 Qxc2 31. Qxb7 Rb8 32. Qc7 Rxb3 33.
Qf4+ g5 34. Qd6+ Qg6 35. Qxd5 Rxb2 36. Re1 Rb1 37. Rxb1 Qxb1+ 38. Kh2 Qb8+ 39.
Kg1 Ne7 40. Qe6+ Ng6 41. Qf5 Qe5 42. Qd7 Qe1+ 43. Kh2 Qxf2 44. Qb7 Qf4+ 45. g3
Qf2+ 46. Kh1 Qe1+ 47. Kh2 a5 48. h4 Qf2+ 49. Kh1 gxh4 50. g4 Qe1+ 51. Kh2 Qg3+
52. Kh1 Qxg4 53. Kh2 h3 54. Kh1 Qg2+ 55. Qxg2 hxg2+ 56. Kxg2 0-1

[Event "ENCI Limburg-open C"]
[Site "Maastricht"]
[Date "2010.05.23"]
[Round "5"]
[White "Geene, Joris"]
[Black "Boontje, Willem"]
[Result "0-1"]
[WhiteElo "1600"]
[BlackElo "1689"]
[PlyCount "44"]
[EventDate "2010.05.21"]
[EventType "swiss"]
[EventRounds "7"]
[EventCountry "NED"]
[Source "P.Boonen"]
[SourceDate "2010.10.01"]

1. e4 e6 2. d4 d5 3. exd5 exd5 4. c4 Bb4+ 5. Nc3 dxc4 6. Bxc4 Qe7+ 7. Nge2 Nf6
8. O-O Be6 9. Bxe6 Qxe6 10. Re1 O-O 11. Nf4 Qd7 12. Re3 Bd6 13. Rh3 Qg4 14.
Qxg4 Nxg4 15. Nfd5 c6 16. Ne3 Re8 17. Bd2 Nf6 18. Nf5 Bc7 19. Bg5 Nbd7 20. Rf3
Re6 21. Rd1 Rae8 22. h3 Re1+ 0-1

[Event "ENCI Limburg-open C"]
[Site "Maastricht"]
[Date "2010.05.23"]
[Round "5"]
[White "Geene, Patrick"]
[Black "Mollema, Henk"]
[Result "1/2-1/2"]
[WhiteElo "1548"]
[BlackElo "1279"]
[PlyCount "85"]
[EventDate "2010.05.21"]
[EventType "swiss"]
[EventRounds "7"]
[EventCountry "NED"]
[Source "P.Boonen"]
[SourceDate "2010.10.01"]

1. e4 e5 2. Nf3 Nc6 3. Bc4 Nf6 4. Nc3 Bc5 5. d3 O-O 6. Bg5 Be7 7. Nh4 h6 8. Be3
Na5 9. Ng6 Nxc4 10. Nxe7+ Qxe7 11. dxc4 Qb4 12. O-O Qxc4 13. f3 Rd8 14. Qd2 Kf8
15. Rad1 d6 16. Qf2 Be6 17. Rd3 d5 18. b3 Qc6 19. exd5 Nxd5 20. Nxd5 Bxd5 21.
Rfd1 Rd7 22. c4 Be6 23. Bc1 b6 24. Ba3+ Kg8 25. Bc1 Rad8 26. Rxd7 Rxd7 27. Rd2
Rxd2 28. Qxd2 Qc5+ 29. Kf1 Qe7 30. Qf2 a5 31. Qg3 Qf6 32. Bb2 Qf4 33. Bxe5 Qxg3
34. Bxg3 a4 35. Bxc7 axb3 36. axb3 b5 37. cxb5 Bxb3 38. b6 Bd5 39. Ke2 Kf8 40.
Kd3 Ke8 41. Kd4 Bb7 42. Ke5 Ke7 43. Kf5 {.....} 1/2-1/2

[Event "ENCI Limburg-open C"]
[Site "Maastricht"]
[Date "2010.05.23"]
[Round "5"]
[White "Gerlagh, Joris"]
[Black "Esser, Thomas"]
[Result "0-1"]
[WhiteElo "1654"]
[BlackElo "1677"]
[PlyCount "34"]
[EventDate "2010.05.21"]
[EventType "swiss"]
[EventRounds "7"]
[EventCountry "NED"]
[Source "P.Boonen"]
[SourceDate "2010.10.01"]

1. d4 Nf6 2. c4 e5 3. dxe5 Ng4 4. Nf3 Bc5 5. e3 Nc6 6. Bd2 Ngxe5 7. Nxe5 Nxe5
8. Bc3 Qe7 9. Qh5 d6 10. h3 a5 11. Qe2 Bd7 12. f4 Nc6 13. Bxg7 Rg8 14. Bc3 Bxe3
15. Bd2 Nd4 16. Qd1 Bg1+ 17. Be2 Qh4+ 0-1

[Event "ENCI Limburg-open C"]
[Site "Maastricht"]
[Date "2010.05.23"]
[Round "5"]
[White "Godding, Mick"]
[Black "Chappin, Rene"]
[Result "1/2-1/2"]
[WhiteElo "1516"]
[BlackElo "1622"]
[PlyCount "32"]
[EventDate "2010.05.21"]
[EventType "swiss"]
[EventRounds "7"]
[EventCountry "NED"]
[Source "P.Boonen"]
[SourceDate "2010.10.01"]

1. e4 c5 2. d4 cxd4 3. c3 dxc3 4. Nxc3 Nc6 5. Nf3 d6 6. Bc4 e6 7. O-O Be7 8.
Ne2 Nf6 9. Ng3 O-O 10. a3 a6 11. b4 b5 12. Bb3 Bd7 13. Bb2 e5 14. Qd3 Bg4 15.
h3 Bxf3 16. Qxf3 Re8 1/2-1/2

[Event "ENCI Limburg-open C"]
[Site "Maastricht"]
[Date "2010.05.23"]
[Round "5"]
[White "Gundogmus, Alaettin"]
[Black "Reyskens, Jules"]
[Result "0-1"]
[WhiteElo "1558"]
[BlackElo "1631"]
[PlyCount "94"]
[EventDate "2010.05.21"]
[EventType "swiss"]
[EventRounds "7"]
[EventCountry "NED"]
[Source "P.Boonen"]
[SourceDate "2010.10.01"]

1. d4 Nf6 2. c4 g6 3. Nc3 d5 4. Bg5 c6 5. cxd5 Nxd5 6. Nxd5 Qxd5 7. Nf3 Bg7 8.
e3 Bg4 9. Bf4 Bxf3 10. gxf3 Qa5+ 11. Qd2 Qxd2+ 12. Kxd2 Nd7 13. Rd1 O-O 14. Bd3
Rfe8 15. h4 e5 16. dxe5 Bxe5 17. Bxe5 Nxe5 18. Ke2 Rad8 19. Bc2 Kf8 20. h5 Rxd1
21. Kxd1 Nxf3 22. hxg6 hxg6 23. Ke2 Nd4+ 24. Kd3 Nxc2 25. Kxc2 Kg7 26. Rd1 Re7
27. b4 Kf6 28. Rd4 Ke6 29. f3 g5 30. a4 f5 31. a5 Rd7 32. Rc4 a6 33. e4 fxe4
34. Rxe4+ Kf5 35. Kc3 Rd5 36. Kc4 Re5 37. Rd4 Rb5 38. Re4 c5 39. bxc5 Rxa5 40.
Re7 Rb5 41. Rf7+ Kg6 42. Rf8 Rb1 43. Rg8+ Kf6 44. Rc8 Kf7 45. Rc7+ Ke6 46. Rg7
Kf6 47. Kd5 Kxg7 0-1

[Event "ENCI Limburg-open C"]
[Site "Maastricht"]
[Date "2010.05.23"]
[Round "5"]
[White "Hebels, Alex"]
[Black "Mueller, Elias"]
[Result "0-1"]
[WhiteElo "1230"]
[BlackElo "1229"]
[PlyCount "36"]
[EventDate "2010.05.21"]
[EventType "swiss"]
[EventRounds "7"]
[EventCountry "NED"]
[Source "P.Boonen"]
[SourceDate "2010.10.01"]

1. f4 d5 2. Nf3 Nc6 3. d3 Nf6 4. c3 Bg4 5. Qc2 Bxf3 6. exf3 e6 7. d4 Bd6 8. Bd3
O-O 9. O-O b6 10. Na3 Bxa3 11. bxa3 Na5 12. g4 c5 13. dxc5 bxc5 14. g5 c4 15.
gxf6 cxd3 16. Qxd3 Qxf6 17. Kh1 Rfc8 18. Bb2 Qxf4 0-1

[Event "ENCI Limburg-open C"]
[Site "Maastricht"]
[Date "2010.05.23"]
[Round "5"]
[White "Hoek, Tjerk"]
[Black "Dubbeldam, Lydia"]
[Result "0-1"]
[WhiteElo "1205"]
[BlackElo "1107"]
[PlyCount "134"]
[EventDate "2010.05.21"]
[EventType "swiss"]
[EventRounds "7"]
[EventCountry "NED"]
[Source "P.Boonen"]
[SourceDate "2010.10.01"]

1. d4 d5 2. Nf3 Nc6 3. c4 e5 4. dxe5 d4 5. e3 Bb4+ 6. Nbd2 dxe3 7. fxe3 Bg4 8.
Be2 Bxf3 9. Bxf3 Qh4+ 10. Ke2 Nge7 11. a3 Bxd2 12. Bxd2 Qxc4+ 13. Kf2 O-O-O 14.
Rc1 Qh4+ 15. Ke2 Nxe5 16. g3 Qf6 17. Bg2 Ng4 18. Bf3 Ne5 19. Bg2 Qa6+ 20. Ke1
Nf5 21. Bf1 Nxe3 22. Bxa6 Nxd1 23. Bxb7+ Kxb7 24. Kxd1 Nf3 25. Rc2 Rd6 26. Kc1
Rxd2 27. Rxd2 Nxd2 28. Kxd2 Rd8+ 29. Ke2 Re8+ 30. Kd2 Re6 31. Rf1 Rf6 32. Rxf6
gxf6 33. Ke3 Kc6 34. Kf4 Kc5 35. Kf5 Kc4 36. h4 Kb3 37. h5 Kxb2 38. h6 c5 39.
Kxf6 c4 40. Kg7 c3 41. Kxh7 c2 42. Kg7 c1=Q 43. h7 Qc3+ 44. Kg8 Qxg3+ 45. Kxf7
Qh4 46. Kg8 Qg5+ 47. Kf7 Qh5+ 48. Kg7 Qxh7+ 49. Kxh7 Kxa3 50. Kg6 a5 51. Kf5 a4
52. Ke4 Kb2 53. Kd3 a3 54. Ke4 a2 55. Ke5 a1=Q 56. Kd5 Qa4 57. Ke5 Qc4 58. Kd6
Qb5 59. Ke6 Qc5 60. Kf6 Qd5 61. Ke7 Qc6 62. Kd8 Qb7 63. Ke8 Kc3 64. Kd8 Kd4 65.
Ke8 Ke5 66. Kf8 Kf6 67. Kg8 Qg7# 0-1